Normal view
MARC view
- ELECTRIC CIRCUIT THEORY AND THE OPERATIONAL CALCULUS
Entry Topical Term
001 - CONTROL NUMBER
- control field: 69924
003 - CONTROL NUMBER IDENTIFIER
- control field: NUST
005 - DATE AND TIME OF LATEST TRANSACTION
- control field: 20210628204328.0
008 - FIXED-LENGTH DATA ELEMENTS
- fixed length control field: 210628|| aca||aabn | a|a d
040 ## - CATALOGING SOURCE
- Original cataloging agency: NUST
- Transcribing agency: NUST
150 ## - HEADING--TOPICAL TERM
- Topical term or geographic name entry element: ELECTRIC CIRCUIT THEORY AND THE OPERATIONAL CALCULUS
670 ## - SOURCE DATA FOUND
- Source citation: Work cat.: (NUST): CARSON, JOHN R 69923, ELECTRIC CIRCUIT THEORY AND THE OPERATIONAL CALCULUS, 1926
